000 00768cam a22002055a 4500
001 L155865
008 120418s1843 xxk f 000 0 eng d
035 _a(Sirsi) u155865
041 0 _aeng
100 1 _aNewton, Isaac
_cSir
_d1642-1727
245 0 4 _aThe first three sections of Newton's Principia
_bwith an appendix, and the ninth and eleventh sections
250 _a3rd ed.
260 _aCambridge
_bPrinted by John William Parker...for T. Stevenson...and Rivingtons, and Longman & Co., London
_cM.DCCC.XLIII [1843]
300 _a93 p.
_bill.
_c23 cm.
583 _aCondition reviewed
_c20120620
_lcondition level 2
651 4 _aGreat Britain
_y1707-
690 _aMeasurement
_96256
700 1 _aEvans, John H.
_q(John Harrison)
_d1805-1880
_eeditor
942 _n0
999 _c113883
_d113883